Joueurs du PSG par numéro saison 2019/2020 - Statistiques

Statistiques générales
  • Ce quiz a été pris 53 fois
  • Le résultat moyen est 18 sur 28
Statistiques - réponses
Hint Réponse % Correct
1 Keylor Navas
98%
7 Kylian Mbappé
91%
5 Marquinhos
89%
10 Neymar Jr
89%
6 Marco Verratti
87%
3 Presnel Kimpembe
87%
2 Thiago Silva
85%
11 Angel Di Maria
80%
9 Edinson Cavani
80%
16 Sergio Rico
74%
14 Juan Bernat
72%
4 Thilo Kehrer
72%
20 Layvin Kurzawa
70%
8 Leandro Paredes
65%
18 Mauro Icardi
65%
19 Pablo Sarabia
65%
23 Julian Draxler
63%
21 Ander Herrera
61%
27 Idrissa Gueye
59%
12 Thomas Meunier
57%
17 Eric Maxim Choupo-Moting
52%
17 Colin Dagba
48%
22 Abdou Diallo
41%
25 Mitchell Bakker
41%
30 Marcin Bulka
39%
35 Tanguy Kouassi
22%
36 Loïc Mbe Soh
15%
38 Adil Aouchiche
13%
Aucun quiz correspondant
Distribution des résultats
% des personnes avec chaque résultat
Percentile par nombre de réponses
Votre historique - résultats
Vous n’avez pas pris ce quiz